000 00616nam a2200217Ia 4500
005 20241129110244.0
008 241129s9999||||xx |||||||||||||| ||und||
020 _a978-93-80934-86-0
037 _aTB
040 _aARTS
_beng
_cARTS
041 _aeng
_2urd
084 _aO168vk Q3
_qARTS
100 _aAnwar Sadeed Au.
_9727588
245 0 _aUrdu adab ki mukhtasar tareekh
_cAnwar Sadeed Au.
260 _aDehli, India
_bDehli M. R. Publications
_c2020
300 _a722p.
365 _aINR
_b795
650 _aUrdu LiteratureHistory
_9727589
942 _cTB
_hO168vk Q3
999 _c1227913
_d1227913